000 00465nam a2200181Ia 4500
005 20250508163206.0
008 008 250505s9999 xx 000 0 hin d
037 _aTextual
040 _aFEDL
_beng
_cFEDL
041 _ahin
_2eng
084 _aFH, CHA
_qFEDL
100 _aSharat chandra
245 0 _aBadi didi
260 _aDelhi, India
_bBharti Bhasha Prakashan
_c1977
300 _a78p
942 _cTEXL
_hFH, CHA
999 _c1381412
_d1381412